Ομάδες Στοιχείων - Βαλκάνια - Statistics

General Stats
  • This quiz has been taken 32 times
  • The average score is 26 of 48
Answer Stats
Hint Answer % Correct
Current countries that made up Yugoslavia Βόρεια Μακεδονία
96%
Current countries that made up Yugoslavia Βοσνία και Ερζεγοβίνη
96%
Current countries that made up Yugoslavia Κροατία
96%
Current countries that made up Yugoslavia Σερβία
96%
Current countries that made up Yugoslavia Σλοβενία
92%
Most spoken languages of the Balkan Peninsula Ελληνικά
88%
Current countries that made up Yugoslavia Μαυροβούνιο
83%
Largest seas that touch the Balkans Μεσόγειος Θάλασσα
83%
Capitals of current countries that made up Yugoslavia Σκόπια
79%
Largest seas that touch the Balkans Αιγαίο Πέλαγος
79%
Largest seas that touch the Balkans Ιόνιο Πέλαγος
79%
Most populated cities that aren't capitals Θεσσαλονίκη
79%
Most populated cities in Greece Θεσσαλονίκη
79%
Most spoken languages of the Balkan Peninsula Σέρβικα/Κροάτικα
79%
Capitals of current countries that made up Yugoslavia Ζάγκρεμπ
75%
Capitals of current countries that made up Yugoslavia Βελιγράδι
75%
Capitals of current countries that made up Yugoslavia Λιουμπλιάνα
71%
Largest Greek Islands by size Κρήτη
71%
Most spoken languages of the Balkan Peninsula Αλβανικά
71%
Largest Greek Islands by size Εύβοια
67%
Largest Greek Islands by size Ρόδος
67%
Largest seas that touch the Balkans Μαύρη Θάλασσα
67%
Most spoken languages of the Balkan Peninsula Ρουμάνικα
67%
Largest seas that touch the Balkans Αδριατική Θάλασσα
63%
Most populated cities in Greece Πάτρα
63%
Capitals of current countries that made up Yugoslavia Ποντγκόριτσα
58%
Most populated cities in Greece Αθήνα
58%
Capitals of current countries that made up Yugoslavia Σαράγεβο
54%
Largest Greek Islands by size Λέσβος
54%
Most populated cities in Greece Ηράκλειο
50%
Largest Greek Islands by size Χίος
42%
Longest rivers in the Balkans Δούναβης
42%
First 5 letters of the Greek Alphabet Λάρισας
42%
Largest Greek Islands by size Κεφαλονιά
38%
Most spoken languages of the Balkan Peninsula Τουρκικά
33%
Most populated cities in Greece Ιωάννινα
29%
First 5 letters of the Greek Alphabet Ιωαννίνων
17%
Most populated cities that aren't capitals Πλόβντιβ
13%
Most populated cities that aren't capitals Βάρνα
13%
Most populated cities that aren't capitals Κωνσταντινούπολη
8%
First 5 letters of the Greek Alphabet Αιτωλοακαρνανίας
8%
First 5 letters of the Greek Alphabet Αρκαδίας
8%
Most populated cities that aren't capitals Τσόρλου
4%
Longest rivers in the Balkans Σάβος
4%
Longest rivers in the Balkans Τίσα
4%
Longest rivers in the Balkans Μουρές
4%
Longest rivers in the Balkans Δράβος
4%
First 5 letters of the Greek Alphabet Φθιώτιδας
4%
No matching quizzes found
Score Distribution
Percent of People with Each Score
Percentile by Number Answered
Your Score History
You have not taken this quiz